| 000 | 01447nab a2200229 i 4500 | ||
|---|---|---|---|
| 001 | 768714001 | ||
| 003 | CO-MdFUSB | ||
| 005 | 20240814160902.0 | ||
| 008 | 240814t1923 cr ||||| |||| 00| 0 eng d | ||
| 040 |
_bspa _cCO-MdFUSB _dCO-MdFUSB |
||
| 041 | _aeng | ||
| 245 | _aMissionary Conference in Porto Rico onference in Porto Rico | ||
| 520 | _aLos evangelistas en América Latina necesitan una potente liberación del Espíritu Santo para difundir el evangelio a millones de personas que todavía esperan. Para una multitud es necesaria una preparación especial del corazón, como la que realiza el Espíritu para prepararlos para la vida. Por lo tanto, es importante usar equipo de protección para esa guerra de oración. | ||
| 546 | _aTexto en inglés. | ||
| 650 | 0 |
_aEvangelización _9362 |
|
| 650 | 7 |
_aMisioneros _9931 |
|
| 650 | 7 |
_aOración _986 |
|
| 650 | 0 |
_aEspíritu Santo _950 |
|
| 773 | 0 |
_070761 _982969 _oR2742.0. _tLatin America Mission _w(CO-MdFUSB)768714001 _gVolumen 3, (número 11, 1924), páginas: 5 - 7 _qpágina: 5 |
|
| 942 | _cANA | ||
| 945 | _aCatherine Arias Álvarez - Practicante SENA | ||
| 999 |
_c70839 _d70839 |
||